<?xml version="1.0" encoding="UTF-8"?><?xml-stylesheet type="text/xsl" href="static/style.xsl"?><OAI-PMH xmlns="http://www.openarchives.org/OAI/2.0/" xmlns:xsi="http://www.w3.org/2001/XMLSchema-instance" xsi:schemaLocation="http://www.openarchives.org/OAI/2.0/ http://www.openarchives.org/OAI/2.0/OAI-PMH.xsd"><responseDate>2026-04-14T04:17:01Z</responseDate><request verb="GetRecord" identifier="oai:www.recercat.cat:20.500.12694/7053" metadataPrefix="marc">https://recercat.cat/oai/request</request><GetRecord><record><header><identifier>oai:recercat.cat:20.500.12694/7053</identifier><datestamp>2025-12-18T12:09:09Z</datestamp><setSpec>com_2072_179042</setSpec><setSpec>col_2072_484474</setSpec></header><metadata><record xmlns="http://www.loc.gov/MARC21/slim" xmlns:dcterms="http://purl.org/dc/terms/" xmlns:xsi="http://www.w3.org/2001/XMLSchema-instance" xmlns:doc="http://www.lyncode.com/xoai" xsi:schemaLocation="http://www.loc.gov/MARC21/slim http://www.loc.gov/standards/marcxml/schema/MARC21slim.xsd">
   <leader>00925njm 22002777a 4500</leader>
   <datafield ind2=" " ind1=" " tag="042">
      <subfield code="a">dc</subfield>
   </datafield>
   <datafield ind2=" " ind1=" " tag="720">
      <subfield code="a">Sansón Mora, Claudia</subfield>
      <subfield code="e">author</subfield>
   </datafield>
   <datafield ind2=" " ind1=" " tag="260">
      <subfield code="c">2013-07-17</subfield>
   </datafield>
   <datafield ind2=" " ind1=" " tag="520">
      <subfield code="a">Aquest projecte representa una aproximació al flamenc des de la música clàssica, i més concretament des del punt de vista del violinista. Es tracta d'una visió personal sobre els elements tècnics i interpretatius a seguir per endinsar-nos en l'estilística flamenca, amb l'objectiu d’ampliar els coneixements musicals per així enriquir-nos i créixer, tant com a persones com a músics. De la fusió musical emergeixen nous horitzons amb els quals podem expressar-nos. Això ens obre les portes a la creativitat.</subfield>
   </datafield>
   <datafield ind2=" " ind1=" " tag="520">
      <subfield code="a">Este proyecto representa una aproximación al flamenco desde la música clásica, y más concretamente desde el punto de vista del violinista. Se trata de una visión personal sobre los elementos técnicos e interpretativos a seguir para adentrarnos en la estilística flamenca, con el objetivo de ampliar los conocimientos musicales para así enriquecernos y crecer, tanto como personas como músicos. De la fusión musical emergen nuevos horizontes con los que podemos expresarnos. Esto nos abre las puertas a la creatividad.</subfield>
   </datafield>
   <datafield ind2=" " ind1=" " tag="520">
      <subfield code="a">This project represents a musical approximation from flamenco to classical music, more particularly, from a violinist's point of view. It is a personal vision of the technical and interpretative elements to follow in order to delve into the stylistics of flamenco, with the aim of widening our musical knowledge to enrich ourselves and thus grow both personally and as musicians. New horizons emerge from musical fusion, giving us more ways to express ourselves. This opens the door to creativity.</subfield>
   </datafield>
   <datafield ind1="8" ind2=" " tag="024">
      <subfield code="a">http://hdl.handle.net/20.500.12694/7053</subfield>
   </datafield>
   <datafield tag="653" ind2=" " ind1=" ">
      <subfield code="a">TFG Música clàssica i contemporània</subfield>
   </datafield>
   <datafield tag="653" ind2=" " ind1=" ">
      <subfield code="a">Flamenc, Música de</subfield>
   </datafield>
   <datafield tag="653" ind2=" " ind1=" ">
      <subfield code="a">Violí, Música per a</subfield>
   </datafield>
   <datafield ind2="0" ind1="0" tag="245">
      <subfield code="a">La voz flamenca del violín</subfield>
   </datafield>
</record></metadata></record></GetRecord></OAI-PMH>